International Management / Second Edition (Record no. 3726)
[ view plain ]
| 000 -LEADER | |
|---|---|
| fixed length control field | 02194cam a22002294a 4500 |
| 005 - ΗΜΕΡΟΜΗΝΙΑ ΚΑΙ ΩΡΑ ΤΕΛΕΥΤΑΙΑΣ ΕΝΗΜΕΡΩΣΗΣ | |
| Πεδίο ελέγχου | 20250605164123.0 |
| 008 - FIXED-LENGTH DATA ELEMENTS--GENERAL INFORMATION | |
| Πεδίο ελέγχου σταθερού μήκους | 250528s ||||||||||||||||||||||||d |
| 035 ## - SYSTEM CONTROL NUMBER | |
| System control number | 18364 |
| 020 ## - ISBN | |
| ISBN | 71133461 |
| 040 ## - ΠΗΓΗ ΚΑΤΑΛΟΓΟΓΡΑΦΗΣΗΣ | |
| Φορέας πρωτότυπης καταλογογράφησης | MC Athens Campus Library |
| Γλώσσα καταλογογράφησης | Ελληνικά, Μοντέρνα (1453-) |
| Modifying agency | MC Athens Campus Library |
| Κανόνες περιγραφικής καταλογογράφησης | AACR2 |
| 245 1# - ΤΙΤΛΟΣ ΚΑΙ ΔΗΛΩΣΗ ΥΠΕΥΘΥΝΟΤΗΤΑΣ | |
| Τίτλος | International Management / Second Edition |
| 250 ## - EDITION STATEMENT | |
| Edition statement | 2nd |
| 260 ## - PUBLICATION, DISTRIBUTION, ETC. | |
| Name of publisher, distributor, etc. | Mcgraw Hill, Inc, |
| Date of publication, distribution, etc. | 1994 |
| 300 ## - PHYSICAL DESCRIPTION | |
| Extent | 544 |
| 505 0# - FORMATTED CONTENTS NOTE | |
| Formatted contents note | Preface, An Overall Perspective of International Management, Worldwide Developments, Foundations for International Management, The Cultural Context for International Management, Managing Across Cultures, Strategies and Functions of Managing International Organizations, Strategic Planning, Managing Political Risk and Negotiations, Organizing International Operations, Decision Making and Controlling, Functions of International Human Resources Management, Personnel Selection and Repatriation, Training and Organization Development, Labor Relations and Industrial Democracy, Managing People in International Organizations, Communication, Motivating Human Resources, Leading Human Resources, International Management Horizons, Ethics and Social Responsibility, Future of International Management, References, Glossary, Index. |
| 520 ## - SUMMARY, ETC. | |
| Summary, etc. | Preface, An Overall Perspective of International Management, Worldwide Developments, Foundations for International Management, The Cultural Context for International Management, Managing Across Cultures, Strategies and Functions of Managing International Organizations, Strategic Planning, Managing Political Risk and Negotiations, Organizing International Operations, Decision Making and Controlling, Functions of International Human Resources Management, Personnel Selection and Repatriation, Training and Organization Development, Labor Relations and Industrial Democracy, Managing People in International Organizations, Communication, Motivating Human Resources, Leading Human Resources, International Management Horizons, Ethics and Social Responsibility, Future of International Management, References, Glossary, Index. |
| 700 1# - ΠΡΟΣΘΕΤΗ ΑΝΑΓΡΑΦΗ--ΦΥΣΙΚΟ ΠΡΟΣΩΠΟ | |
| Personal name | Hodgetts Richard M |
| 9 (RLIN) | 970 |
| 700 1# - ΠΡΟΣΘΕΤΗ ΑΝΑΓΡΑΦΗ--ΦΥΣΙΚΟ ΠΡΟΣΩΠΟ | |
| Personal name | Luthans Fred |
| 9 (RLIN) | 1021 |
| 942 ## - ADDED ENTRY ELEMENTS (KOHA) | |
| Koha item type | Books |
| Τύπος τεκμηρίου | Βιβλιοθήκη | Τρέχουσα τοποθεσία | Barcode | Αριθμός εισαγωγής | Ημερομηνία απόκτησης | Ταξιθετικό σύμβολο | Αριθμός αντιτύπου | Κατάσταση απόσυρσης | Κατάσταση χαμένου | Κατάσταση κατεστραμμένου | Μη δανεισμός | Σύνολο δανεισμών | Ημερομηνία τελευταίας εμφάνισης | Η τιμή ισχύει από |
|---|---|---|---|---|---|---|---|---|---|---|---|---|---|---|
| Books | MC Athens Campus Library | MC Athens Campus Library | 9780000037251 | 3009 | 05/06/2025 | 658/.049 HOD | 1 | 05/06/2025 | 05/06/2025 |